| 000 | 00528nam a2200193 a 4500 | ||
|---|---|---|---|
| 001 | 1770904870552 | ||
| 003 | YourLibrary | ||
| 005 | 20260213123714.0 | ||
| 008 | 260212s1986##################000#0#eng## | ||
| 020 | _a9780521312691 | ||
| 082 | 0 | 4 |
_a305.563 _bGOU |
| 100 | 1 |
_aGoubert, Pierre, _eauthor. |
|
| 245 | 1 | 0 | _aThe French Peasantry in the Seventeenth Century : |
| 260 |
_bCambridge University Press, _c1986. |
||
| 300 | _a260 pages | ||
| 650 | 0 | _aHistory. | |
| 942 | _cENGLISH | ||
| 040 |
_aYourLibrary _beng _cYourLibrary |
||
| 999 |
_c612321 _d612321 |
||